Teoría y problemas de probabilidad / (Record no. 9113)

000 -CABECERA
fixed length control field 00954nam a22002417a 4500
003 - IDENTIFICADOR DEL NÚMERO DE CONTROL
control field AR-CdUCM
008 - DATOS DE LONGITUD FIJA--INFORMACIÓN GENERAL
fixed length control field 190327b ||||| |||| 00| 0 spa d
040 ## - FUENTE DE LA CATALOGACIÓN
Agencia/entidad que catalogó originalmente la obra MUNICIPALIDAD PROVINCIAL DEL CUSCO
Entidad que transcribió la catalogación BIBLIOTECA MUNICIPAL DEL CUSCO
082 ## - NÚMERO DE LA CLASIFICACIÓN DECIMAL DEWEY
No. de Clasificación 519 /
Notacion interna L66
100 ## - ENTRADA PRINCIPAL--NOMBRE DE PERSONA
Nombre Personal Lipschutz, Seymour
245 ## - MENCIÓN DE TÍTULO
Título Teoría y problemas de probabilidad /
260 ## - PUBLICACIÓN, DISTRIBUCIÓN, ETC.
Lugar de publicación, distribución, etc. Colombia :
Nombre de la editorial, distribuidor, etc. McGraw-Hill,
Fecha de publicación, distribución, etc. 1968.
300 ## - DESCRIPCIÓN FÍSICA
Nº de Páginas Extensión 151 páginas ;
Dimensiones 27 cm.
440 ## - MENCIÓN DE SERIE/PUNTO DE ACCESO ADICIONAL--TÍTULO
Título Serie de compendios Schaum
9 (RLIN) 25122
505 ## - NOTA DE CONTENIDO CON FORMATO
Nota de contenido formateada Contenido : Teoría de conjuntos -- Técnicas de cotar -- Introducción a la probabilidad -- Probabilidades condicional e independencia -- Variables aleatorios -- Distribuciones binominal, normal y de poisson -- Cadenas de Markov.
650 ## - PUNTO DE ACCESO ADICIONAL DE MATERIA--TÉRMINO DE MATERIA
Descriptor Matematicas
9 (RLIN) 9398
650 ## - PUNTO DE ACCESO ADICIONAL DE MATERIA--TÉRMINO DE MATERIA
Descriptor Probabilidad
9 (RLIN) 25123
650 ## - PUNTO DE ACCESO ADICIONAL DE MATERIA--TÉRMINO DE MATERIA
Descriptor Teoría y problemas
9 (RLIN) 25124
700 ## - PUNTO DE ACCESO ADICIONAL--NOMBRE DE PERSONA
Nombre Personal Ferro Duque, Alfredo (traductor)
9 (RLIN) 25125
942 ## - ELEMENTOS DE PUNTO DE ACCESO ADICIONAL (KOHA)
Fuente de clasificación
Tipo de item Libros-BMC
945 ## - PROCESAMIENTO DE INFORMACIÓN LOCAL (OCLC)
Catalogador zta
Holdings
Estado de retiro (separado) Fuente de clasificación o esquema de estanterías Estado dañado Ubicación Sala donde se ubica Nombre de la colección Fecha de adquisición o compra Costo, precio normal en soles Signatura topográfica Código de Barras Última vez visto (Koha) Tipo de ítem (Koha)
No     Sala Ciencias Sala Ciencias Book Cart 2019-03-27 45.00 519 / L66 SC0000000448 2019-03-27 Libros-BMC

Powered by Koha